| 000 | 02763nam a2200373Ia 4500 | ||
|---|---|---|---|
| 001 | 9780203427446 | ||
| 003 | BD-DhSAU | ||
| 005 | 20151012151721.0 | ||
| 006 | a|||||s||||||||||| | ||
| 007 | cr|||| | ||
| 008 | 130501s2013 nyu sb 001 0 eng d | ||
| 020 | _a9780203427446 (e-book : PDF) | ||
| 040 |
_aBD-DhSAU _cBD-DhSAU |
||
| 090 |
_aQ180.55.P75 _bE46 2013 |
||
| 092 |
_a001.4019 _bE549 |
||
| 245 | 0 | 4 |
_aThe emotional politics of research collaboration _h[electronic resource] / _cedited by Gabriele Griffin, Annelie Bráeanstráeom-áeOhman, and Hildur Kalman. |
| 260 |
_aNew York : _bRoutledge, _c2013. |
||
| 300 | _aviii, 171 p. | ||
| 490 | 1 |
_aRoutledge advances in research methods ; _v7 |
|
| 504 | _aIncludes bibliographical references and index. | ||
| 505 | 0 | _apt. 1. Emotion and the life cycle of research collaboration -- pt. 2. Key affects in research collaboration. | |
| 520 |
_a"Research collaboration in the form of networks, projects and centers has become one of the dominant modes of engaging in research, especially funded research, across all academic domains. However, there has been little research on the processes of such collaborations, particularly their affective dimensions. These, as this volume demonstrates and as researchers know well, are highly important, yet mostly not directly engaged with when scientists work together, even though they are experienced by everybody involved. This volume is the first to consider questions such as how the naming of projects impacts on their accompanying "affect-scapes," the policing or disciplining of emotions in research collaborations, their accompanying tensions and how these might be managed, and the challenges to trust between scientists that such collaborations present. Drawing on theories of affect and literature on collaboration, as well as on the contributors' experiences of being involved in large-scale research projects, the volume also importantly deals directly with some of the key emotions that occur during research collaborations such as blame, elation, frustration, alienation and belonging, and suggests some ways in which one might engage productively with the affective dimensions of research collaboration"-- _cProvided by publisher. |
||
| 530 | _aAlso available in print edition. | ||
| 538 | _aMode of access: World Wide Web. | ||
| 650 | 0 |
_aResearch _xPsychological aspects. |
|
| 650 | 0 | _aFeminism and science. | |
| 655 | 7 |
_aElectronic books. _2lcsh |
|
| 700 | 1 | _aGriffin, Gabriele. | |
| 700 | 1 | _aBráeanstráeom áeOhman, Annelie. | |
| 700 | 1 | _aKalman, Hildur. | |
| 776 | 1 | _z9780415832502 (hardback) | |
| 830 | 0 |
_aRoutledge advances in research methods ; _v7. |
|
| 856 | 4 | 0 | _uhttp://www.tandfebooks.com/isbn/9780203427446 |
| 999 |
_c12774 _d12773 |
||